000 00402nam a2200157 i 4500
001 bg
100 1 _aKONOZENKO, I. D.
245 0 _aRadiacionnye effekty v kremnii /
_cI.D. Konozenko, A.K. Semenjuk, V.I. Chivric.
260 _aKiev,
_c1974.
700 1 _aSEMENJUK, A. K.
700 1 _aCHIVRIC, V. I.
040 _cBPK
041 _apol
942 _cKS
008 s pl f |000 0 pol
999 _c26738
_d26738
856 _uhttp://koha.tu.koszalin.pl/cgi-bin/koha/opac-detail.pl?biblionumber=26738
_yKatalog online BPK